000 01039nam a22003257a 4500
003 CHAP
005 20220329133157.0
008 971013s1991 r 10010 d
010 _a3025
011 _a3997
035 _a3198
040 _cCHAP
082 _a635.063
_bS5
111 0 0 _aSimposio Nacional Fisiología y Tecnología Postcosecha de Productos Hortícolas en México (
_d1988
_c: Hermosillo, Son.)
_9106352
245 _aMemorias
260 _aMéxico, D. F. :
_bLimusa,
_c1991
300 _a351 p
500 _aD48-82
590 _aBATCH-UPD
_b10
_c20130110
_lUCH01
_h0202
590 _aBATCH-UPD
_b10
_c20130110
_lUCH01
_h1611
590 _aBATCH-UPD
_b10
_c20130410
_lUCH01
_h1007
590 _aBATCH-UPD
_b10
_c20130914
_lUCH01
_h1622
590 _aCONVERSION
_b10
_c20130109
_lUCH01
_h1303
650 1 4 _aHorticultura
_xCongresos.
_956318
700 0 _aHiguera C., Inocencio.
_955357
700 0 _aYahia, Elhadi M.
_9122944
901 _aBK
942 _cLIBRO
949 _a635.063 S5
_bBC
_cCONG
_d-12709
_eCONG
_h81247
_i3198
_mD
_si
999 _c3025
_d3025